000 00347nam a2200157Ia 4500
001 9519
003 IN-NITTTR
005 20251114233048.0
008 251113s9999||||xx |||||||||||||| ||eng||
040 _beng
040 _cIN-NITTTR
041 _aeng
082 _a370.025 W893 R
245 4 _aThe world of learning 1972- 73. /
942 _2ddc
_cBK
999 _c12156
_d12156